LEADER 00964nam 2200301 450 001 9910715099403321 005 20201027110651.0 035 $a(CKB)4100000011741418 035 $a(OCoLC)1201804221 035 $a(EXLCZ)994100000011741418 100 $a20201027d2020 ua 0 101 0 $aeng 135 $aur||||||||||| 181 $ctxt$2rdacontent 182 $cc$2rdamedia 183 $acr$2rdacarrier 200 10$aBusiness meeting $emeeting before the Committee on Environment and Public Works, United States Senate, One Hundred Sixteenth Congress, second session, July 1, 2020 210 1$aWashington :$cU.S. Government Publishing Office,$d2020. 215 $a1 online resource (iii, 53 pages) 225 1 $aS. hrg. ;$v116-278 517 $aBusiness Meeting 608 $aLegislative hearings.$2lcgft 801 0$bGPO 801 1$bGPO 906 $aBOOK 912 $a9910715099403321 996 $aBusiness meeting$93184312 997 $aUNINA LEADER 02586nam 2200541 450 001 9910793350003321 005 20200520144314.0 010 $a1-5231-5411-X 010 $a3-11-057836-0 010 $a3-11-057909-X 024 7 $a10.1515/9783110579093 035 $a(CKB)4100000007188492 035 $a(DE-B1597)489916 035 $a(OCoLC)1078912966 035 $a(DE-B1597)9783110579093 035 $a(Au-PeEL)EBL5625125 035 $a(MiAaPQ)EBC5625125 035 $a(EXLCZ)994100000007188492 100 $a20190201d2019 uy 0 101 0 $aeng 135 $aurcnu|||||||| 181 $ctxt$2rdacontent 182 $cc$2rdamedia 183 $acr$2rdacarrier 200 10$aNanomaterials safety $etoxicity and health hazards /$fShyamasree Ghosh 210 1$aBerlin ;$aBoston :$cDe Gruyter,$d[2019] 210 4$dİ2019 215 $a1 online resource (xiii, 272 pages) $cillustrations 311 $a3-11-057808-5 327 $tFrontmatter -- $tAcknowledgment -- $tContents -- $t1. Nanomaterials safety and health hazard -- $t2. Nanotoxicity and the immune system -- $t3. Nanoparticles and stem cells -- $t4. Nanoparticles and brain -- $t5. Nanoparticles, neurotoxicity and safety in application to neurological disorders -- $t6. Health effects of inhaled nanomaterials -- $t7. Nanoparticles and genotoxicity -- $t8. Nanoparticles and occupational health hazards -- $t9. Toxicity and effect of nanoparticles on liver and kidneys, and kidney disorders -- $t10. Nanomaterials and aquatic toxicity -- $t11. Nanotoxicity and plants -- $tGlossary -- $tAbbreviations -- $tIndex 330 $aThis monograph summarizes the current knowledge on potential health hazards induced by nanomaterials from different sources and sort such as food, drugs and silver nanoparticles. Methods to assess toxicity as well as known effects on the genome, neuronal and respiratory system are discussed. Besides the impact on human and animal life the books also addresses aquatic toxicity. 606 $aNanostructured materials$xToxicology 606 $aNanostructured materials$xHealth aspects 610 $aHealth Risks. 610 $aNanomaterial. 610 $aNanoparticles. 610 $aToxicology. 615 0$aNanostructured materials$xToxicology. 615 0$aNanostructured materials$xHealth aspects. 676 $a338.476205 700 $aGhosh$b Shyamasree$0992465 801 0$bMiAaPQ 801 1$bMiAaPQ 801 2$bMiAaPQ 906 $aBOOK 912 $a9910793350003321 996 $aNanomaterials safety$93702335 997 $aUNINA